Антична литература (Запис номер 101885)
[ съкратено ]
| 000 -Лидер | |
|---|---|
| Контролно поле с фиксирана дължина | 01885nam a2200445 c 4500 |
| 003 - Код на организацията, давaща контролен номер | |
| Контролно поле | BLK |
| 005 - Дата и час на последна редакция | |
| Контролно поле | 20250730131715.0 |
| 008 - Елементи от данни с фиксирана дължина | |
| fixed length control field | 180409b bul|||||r ||||||| ||bul|| |
| 010 ## - Наследен системен номер | |
| LC control number | KNG00106941000 |
| 020 ## - Международен стандартен номер на книга ISBN | |
| Международен стандартен номер на книга ISBN | 954-771-030-3 |
| 040 ## - Източник на каталожния запис | |
| Идентификатор на билиотеката - собственик на записа | BLK |
| 041 ## - Код за език | |
| Код за езика на текст/звукозапис или на отделно заглавие | Български |
| Код за езика КДБФ | Български |
| 080 ## - УДК | |
| Текстов определител УДК | Класическа гръцка литература. Старогръцка литература |
| УДК код - определител по УДК | 821.142 |
| УДК определител | .09(075.3) |
| УДК - код + определител | 821.142.09(075.3) |
| 080 ## - УДК | |
| Текстов определител УДК | Литературна дейност. Редактиране. Култура на речта. Стилистика. Литературна техника |
| УДК код - определител по УДК | 808 |
| УДК определител | (075.3) |
| УДК - код + определител | 808(075.3) |
| 100 ## - Редна дума - Автор | |
| Автор | Ефтимов, Йордан Симеонов |
| R(LIN) | 370243 |
| 139 ## - Редно поле | |
| Редна дума | Ефтимов, Йордан Симеонов |
| Авторски знак | Ефр - Е 97 |
| 245 10 - Сведения за заглавието | |
| Заглавие | Антична литература |
| Подзаглавни данни | Лит. анализи за ІХ кл. |
| Редно поле (дума) | Йордан Симеонов Ефтимов. |
| 257 ## - Страна на издаване | |
| Страна на създаване/издаване | България |
| 260 ## - Област на издателските данни | |
| Място на издаване, разпространение и проч. | София |
| Име на издателя, разпространителя и проч. | Кръгозор |
| Година на издаване | 2001 |
| Печатница | София : Унискорп ООД |
| 300 ## - Физическа характеристика | |
| Страници | 120 с. |
| Размери/Мащаб | 21 см |
| 380 ## - Жанр | |
| Жанр | Литературознание |
| 490 1# - СЕРИИ (Колекции) | |
| Име на серия | Пишете за отличен |
| 500 ## - Общи забележки | |
| Забележка | Офс. изд. - Библиогр. след отд. гл. |
| 504 ## - Забележка за наличие на библиография и др | |
| Забележка за наличие на библиография и под. | след отд. гл. |
| 650 #4 - Допълнително описание по предмет – тема | |
| Основно описание – тема или топоним | Старогръцка литература |
| 9 (RLIN) | 256391 |
| 650 #4 - Допълнително описание по предмет – тема | |
| Основно описание – тема или топоним | Съчинение и преразказ - учебници за средни училища |
| 9 (RLIN) | 262071 |
| 653 ## - Ключова дума – ненормативна | |
| Ключова дума | старогръцка литература |
| 653 ## - Ключова дума – ненормативна | |
| Ключова дума | антична литература |
| 653 ## - Ключова дума – ненормативна | |
| Ключова дума | ІХ кл. |
| 653 ## - Ключова дума – ненормативна | |
| Ключова дума | литературни анализи |
| 653 ## - Ключова дума – ненормативна | |
| Ключова дума | съчинение |
| 653 ## - Ключова дума – ненормативна | |
| Ключова дума | преразказ |
| 852 ## - Местоположение | |
| Форматна сигнатура | Цб 215251 |
| 856 4# - Електронен адрес и достъп | |
| Електронен формат | pdf - файл |
| 856 4# - Електронен адрес и достъп | |
| Електронен формат | pdf - файл |
| 942 ## - АРТИКУЛИ | |
| Вид на библиотечния материал | Книги |
| Скрит в OPAC | Не |
| Koha issues (borrowed), all copies | 1 |
| 944 ## - СЪЗДАВАНЕ И РЕДАКЦИЯ на ЗАПИСА | |
| Създаване/Редакция | Създаване |
| Дата на регистрацията/редакция | 08.07.2003 |
| Служител, извършил регистрацията/редакцията | 30549 |
| Статус, дата на статуса | Вася Ганчева |
| 944 ## - СЪЗДАВАНЕ И РЕДАКЦИЯ на ЗАПИСА | |
| Създаване/Редакция | Редакция |
| Дата на регистрацията/редакция | 07.01.2005 |
| 999 ## - СИСТЕМНИ КОНТРОЛНИ НОМЕРА | |
| Koha biblionumber | 101885 |
| Koha biblioitemnumber | 101885 |
| 999 ## - СИСТЕМНИ КОНТРОЛНИ НОМЕРА | |
| Koha biblioitemnumber | 101885 |
| Код за отписване | Код за изгубен артикул | Източник на класификационната схема | Код за повреда | Коз за рестрикции | Код за отдаване | Артикулен № | Име на библиотеката - собственик | Име на библиотеката, в която се намира в момента | Статус (Текущо местоположение) | Дата на вписване в системата | Местоположение - отдел | Цена в лева | Инвентарен номер | Систематично азбучна сигнатура | Баркод | Номер на екземпляра | Цена в евро | Служебна бележка | Служебен тип на артикула |
|---|---|---|---|---|---|---|---|---|---|---|---|---|---|---|---|---|---|---|---|
| Изтеглен | Не е изгубен | Universal Decimal Classification | Не е повреден | без рестрикции | заемане за дома | 164592 | Регионална библиотека "Любен Каравелов" Русе | Регионална библиотека "Любен Каравелов" Русе | Заемна - подръчен фонд | 2003-07-08 | Заемна - подръчен фонд | 4.20 | 120000677351 | 821.142.09/Е 97 Й | 120000677351 | 1 | 2.15 | Дост: Pk Вид: Ф N: 15921 Дата: 03.07.2003 | Книги |
| Не е изгубен | Universal Decimal Classification | Не е повреден | без рестрикции | ползва се в читалня | 164593 | Регионална библиотека "Любен Каравелов" Русе | Регионална библиотека "Любен Каравелов" Русе | Читалня | 2003-07-08 | Читалня | 4.20 | 120000677352 | Ч 821.09/Е 97 И | 120000677352 | 2 | 2.15 | Дост: Pk Вид: Ф N: 15921 Дата: 03.07.2003 Дата инв: 29.03.2017 Бележки инв: Ч2017 | Книги | |
| Не е изгубен | Не е повреден | без рестрикции | ползва се в читалня | 164594 | Регионална библиотека "Любен Каравелов" Русе | Регионална библиотека "Любен Каравелов" Русе | Хранилище | 2004-11-18 | Хранилище | 4.20 | 120000690220 | Цб 215251 | 120000690220 | 3 | 2.15 | Дост: Dp Вид: Д N: 6 Дата: 28.01.2004 | Книги |